Data mining and knowledge discovery with evolutionary algorithms with 74 figures and 10 tables

Na minha lista:
Detalhes bibliográficos
Autor principal: Freitas, Alex A.
Formato: Livro
Idioma:inglês
Publicado em: Berlin Springer 2002
Colecção:Natural computing series
Assuntos:
Tags: Adicionar Tag
Sem tags, seja o primeiro a adicionar uma tag!

MARC

LEADER 00000nam a2200000 4500
001 0201832
005 20240314085701.5
020 |a 978-3-642-07763-0 
041 0 |a eng 
044 |a DE 
245 1 0 |a Data mining and knowledge discovery with evolutionary algorithms  |b with 74 figures and 10 tables  |c Alex A. Freitas 
264 1 |a Berlin  |b Springer  |c 2002 
300 |a xiv, 264 s. 
490 1 |a Natural computing series 
830 0 |a Natural computing series 
610 2 0 |a dáta 
610 2 0 |a zber dát 
610 2 0 |a informatika 
610 2 0 |a algoritmy 
100 1 |a Freitas, Alex A.